| 000 | 00449cam a2200193 4500 | ||
|---|---|---|---|
| 001 | D8161 | ||
| 008 | 090401t1980 xxu||||| |||| 00| 0 eng d | ||
| 035 | _a(Sirsi) u11463 | ||
| 041 | _aeng | ||
| 050 | _a333.332 | ||
| 100 | _aRees, W.H. | ||
| 245 | _aValuation: principles into practice | ||
| 260 |
_aLondon _bEstates Gazette _c1980 |
||
| 300 | _aviii. 358p. 21cm | ||
| 350 | _a11 | ||
| 520 | _aShelf 133 | ||
| 942 | _n0 | ||
| 948 | _c04/03/1997 | ||
| 999 |
_c86869 _d86869 |
||